LIBRARY & INFORMATION CENTRE, KCAET, TAVANUR

ONLINE PUBLIC ACCESS CATALOGUE (OPAC)

Manual of soil and water conservation practices / (Record no. 9142)

MARC details
000 -LEADER
fixed length control field 00589cam a2200217ua 4500
020 ## - INTERNATIONAL STANDARD BOOK NUMBER
ISBN 81-204-0552-8
041 ## - LANGUAGE CODE
Language code of text/sound track or separate title eng
082 ## - DEWEY DECIMAL CLASSIFICATION NUMBER
Classification number 631.45
Item number GUR/MA
100 ## - MAIN ENTRY--AUTHOR NAME
Personal name Gurmel , Singh .
245 ## - TITLE STATEMENT
Title Manual of soil and water conservation practices /
250 ## - EDITION STATEMENT
Edition statement 1 /
260 ## - PUBLICATION, DISTRIBUTION, ETC. (IMPRINT)
Place of publication New Delhi :
Name of publisher Oxford & IBH Publishing company ,
Year of publication 1991.
300 ## - PHYSICAL DESCRIPTION
Number of Pages 379 ; .
700 1# - ADDED ENTRY--PERSONAL NAME
Personal name Joshi, B P .
700 1# - ADDED ENTRY--PERSONAL NAME
Personal name Sastry, G .
700 1# - ADDED ENTRY--PERSONAL NAME
Personal name Venkataramanan, C .
942 ## - ADDED ENTRY ELEMENTS (KOHA)
Koha item type Books
Holdings
Withdrawn status Lost status Damaged status Home library Current library Date acquired Full call number Accession Number Koha item type
      KAUAET KAUAET 07/04/2012 631.45 18076 Books
free website counter